00761cam a22002531 4500001001300000003000400013005001700017008004100034010001700075035001900092040002200111041001100133042001200144050001600156100002700172245005100199260006500250300001700315490005800332504004100390650002400431830003500455999001700490sa 64006710 DLC20260227112041.0790809s1963 ii b 000 0 eng  asa 64006710  a(OCoLC)5255808 aDLCcOCldWUdDLC0 aengtib apremarc00aPL3731b.L60 aLokesh Chandra,ecomp.10aMaterials for a history of Tibetan literature. aNew Delhi,b[International Academy of Indian Culture]c1963. a3 v.c29 cm.1 aSata-pitaka series. Indo-Asian literatures,vv. 28-30 aIncludes bibliographical references. 0aTibetan literature. 0aSˁata-pitaka series ;vv. 28. c59833d59833